| 000 | 00706nam a2200241 a 4500 | ||
|---|---|---|---|
| 001 | 23322 | ||
| 003 | BD-RjUL | ||
| 005 | 20211209000921.0 | ||
| 008 | 140310s1988 enk 000 1 eng d | ||
| 020 | _a022402812X | ||
| 035 | _a(BD-RjUL)23387 | ||
| 040 |
_aBD-RjUL _beng _cBD-RjUL |
||
| 041 | 1 |
_aeng _hspa |
|
| 082 |
_a863 _bALO 1988 |
||
| 100 | 1 |
_aAllende, Isabel. _971855 |
|
| 245 | 1 | 0 |
_aOf love and shadows / _cIsabel Allende ; translated from the Spanish, De amor y de sombra, by Margaret Sayers Peden |
| 260 |
_aLondon : _bCape, _c1987 |
||
| 300 |
_a287 p. : _c24 cm. |
||
| 700 | 1 |
_aPeden, Margaret Sayers. _971856 |
|
| 942 |
_2ddc _cBK |
||
| 999 |
_c23322 _d23322 |
||